Schaum's outline of theory and problems of programming with Visual Basic (Record no. 7722)
[ view plain ]
| 000 -LEADER | |
|---|---|
| fixed length control field | 00935 a2200229 4500 |
| 020 ## - INTERNATIONAL STANDARD BOOK NUMBER | |
| International Standard Book Number | 0071356711 |
| 040 ## - CATALOGING SOURCE | |
| Original cataloging agency | DLC |
| Language of cataloging | DLC |
| 082 00 - DEWEY DECIMAL CLASSIFICATION NUMBER | |
| Classification number | 005.268 |
| 100 1# - MAIN ENTRY--PERSONAL NAME | |
| Personal name | Gottfried, Byron S., |
| 245 10 - TITLE STATEMENT | |
| Title | Schaum's outline of theory and problems of programming with Visual Basic |
| Statement of responsibility, etc. | Byron S. Gottfried. |
| 246 30 - VARYING FORM OF TITLE | |
| Title proper/short title | Theory and problems of programming with Visual Basic |
| 246 30 - VARYING FORM OF TITLE | |
| Title proper/short title | Programming with Visual Basic |
| 246 30 - VARYING FORM OF TITLE | |
| Title proper/short title | Visual Basic |
| 260 ## - PUBLICATION, DISTRIBUTION, ETC. | |
| Place of publication, distribution, etc. | New York : |
| Name of publisher, distributor, etc. | McGraw-Hill, |
| Date of publication, distribution, etc. | c2001. |
| 300 ## - PHYSICAL DESCRIPTION | |
| Extent | ix, 325 p. : |
| Other physical details | ill. ; |
| Dimensions | 28 cm. |
| 490 0# - SERIES STATEMENT | |
| Series statement | Schaum's outline series |
| 650 #0 - SUBJECT ADDED ENTRY--TOPICAL TERM | |
| Topical term or geographic name entry element | BASIC (Computer program language) |
| 856 42 - ELECTRONIC LOCATION AND ACCESS | |
| Materials specified | Contributor biographical information |
| Uniform Resource Identifier | <a href="http://www.loc.gov/catdir/bios/mh041/2001032953.html">http://www.loc.gov/catdir/bios/mh041/2001032953.html</a> |
| 856 42 - ELECTRONIC LOCATION AND ACCESS | |
| Materials specified | Publisher description |
| Uniform Resource Identifier | <a href="http://www.loc.gov/catdir/description/mh021/2001032953.html">http://www.loc.gov/catdir/description/mh021/2001032953.html</a> |
| 856 42 - ELECTRONIC LOCATION AND ACCESS | |
| Materials specified | Table of contents |
| Uniform Resource Identifier | <a href="http://www.loc.gov/catdir/toc/mh021/2001032953.html">http://www.loc.gov/catdir/toc/mh021/2001032953.html</a> |
| 942 ## - ADDED ENTRY ELEMENTS (KOHA) | |
| Koha item type | Book |
| Call number prefix | 005.268 GOT |
| Source of classification or shelving scheme | |
| Withdrawn status | Lost status | Damaged status | Not for loan | Collection code | Permanent Location | Current Location | Shelving location | Date acquired | Source of acquisition | Cost, normal purchase price | Total Checkouts | Full call number | Barcode | Date last seen | Price effective from | Koha item type |
|---|---|---|---|---|---|---|---|---|---|---|---|---|---|---|---|---|
| Central Library (CL) | Central Library (CL) | First Floor - Software Engineering/ Programming Language | 12/04/2003 | Allied Book Company | 522.64 | 005.268 GOT | SEECS003995 | 11/14/2012 | 01/05/2017 | Book |
